Cuentos

Uloženo v:
Podrobná bibliografie
Hlavní autor: Darío, Rubén
Médium: Kniha
Jazyk:Undetermined
Vydáno: San José, Costa Rica Libro Libre 1986
Témata:
Tagy: Přidat tag
Žádné tagy, Buďte první, kdo vytvoří štítek k tomuto záznamu!

MARC

LEADER 00000nam a2200000Ia 4500
008 170316s9999 xx 000 0 und d
040 |a cru BVZT 
090 |a 860 D-3cu 
100 |a Darío, Rubén 
245 |a Cuentos 
260 |a San José, Costa Rica 
260 |b Libro Libre 
260 |c 1986 
300 |a 264 páginas 
650 |a LITERATURA LATINOAMERICANA 
999 |c 8620  |d 8620 
942 |c 15 D  |h 860 D-3cu  |2 z